Il lungo viaggio di Primo Levi : la scelta della resistenza, il tradimento, l'arresto : una storia taciuta /

Bibliographic Details
Main Author: Sessi, Frediano, 1949-
Format: Book
Language:Italian
Published: Venezia : Marsilio, [2013]
Edition:1. ed.
Series:Specchi.
Subjects:

MARC

Tag First Indicator Second Indicator Subfields
LEADER 00000cam a2200000 a 4500
001 in00002917153
005 20210710063050.0
008 130208s2013 it b 001 0dita d
010 |a  2012444297 
020 |a 9788831714648  |z 978883171464 
020 |a 8831714643 
035 |a (OCoLC)ocn827227851 
040 |a ItFiC  |c C3L  |d DLC  |d TXA  |d UtOrBLW 
042 |a lccopycat 
043 |a e-it--- 
049 |a TXAM 
050 0 0 |a PQ4872.E8  |b Z874 2013 
082 0 0 |a 853  |2 21 
100 1 |a Sessi, Frediano,  |d 1949- 
245 1 3 |a Il lungo viaggio di Primo Levi :  |b la scelta della resistenza, il tradimento, l'arresto : una storia taciuta /  |c Frediano Sessi. 
250 |a 1. ed. 
264 1 |a Venezia :  |b Marsilio,  |c [2013] 
264 4 |c ©2013 
300 |a 180 pages ;  |c 22 cm. 
336 |a text  |b txt  |2 rdacontent 
337 |a unmediated  |b n  |2 rdamedia 
338 |a volume  |b nc  |2 rdacarrier 
490 1 |a Gli specchi 
504 |a Includes bibliographical references (pages 165-168) and index. 
600 1 0 |a Levi, Primo,  |d 1919-1987. 
650 0 |a World War, 1939-1945  |x Underground movements  |z Italy. 
650 0 |a World War, 1939-1945  |x Prisoners and prisons, German. 
650 0 |a Anti-fascist movements  |z Italy  |x History  |y 20th century. 
830 0 |a Specchi. 
948 |a cataloged  |b h  |c 2013/4/4  |d c  |e dmitchel  |f 11:20:10 am 
994 |a C0  |b TXA 
999 |a MARS 
999 f f |s aa73f1cc-68dd-3004-a48c-fe813b4ebedf  |i 8db01d52-28ce-3d1a-a589-648f2864e664  |t 0 
952 f f |p normal  |a Texas A&M University  |b College Station  |c Sterling C. Evans Library  |d Evans: Library Stacks  |t 0  |e PQ4872.E8 Z874 2013  |h Library of Congress classification  |i unmediated -- volume  |m A14838079624 
998 f f |a PQ4872.E8 Z874 2013  |t 0  |l Evans: Library Stacks